Statistics for FIFA Ballon D'Or 2016

Click here to take the quiz!

General Stats

  • This quiz has been taken 156 times
  • The average score is 23 of 30

Answer Stats

RankPlayerClub% Correct
1Cristiano RonaldoReal Madrid
100%
2Lionel MessiBarcelona
100%
3Antoine GriezmannAtletico Madrid
98%
8Jamie VardyLeicester City
98%
4Luis SuárezBarcelona
98%
5NeymarBarcelona
98%
6Gareth BaleReal Madrid
92%
18Luka ModrićReal Madrid
92%
7Riyad MahrezLeicester City
91%
16Robert LewandowskiBayern Munich
90%
14Paul PogbaJuve/Man United
88%
30Sergio RamosReal Madrid
86%
17Toni KroosReal Madrid
85%
9Gianluigi BuffonJuventus
78%
29Manuel NeuerBayern Munich
78%
20Sergio AgüeroManchester City
78%
25Andrés IniestaBarcelona
77%
21Kevin De BruyneManchester City
77%
28Thomas MüllerBayern Munich
74%
13Zlatan IbrahimovićPSG/Man United
70%
24Gonzalo HiguaínNapoli/Juventus
67%
27Hugo LlorisTottenham Hotspur
67%
11Pierre-Emerick AubameyangBorussia Dortmund
59%
22Paulo DybalaJuventus
58%
19Dimitri PayetWest Ham United
54%
26KokeAtletico Madrid
53%
23Diego GodínAtletico Madrid
50%
10PepeReal Madrid
41%
15Arturo VidalBayern Munich
34%
12Rui PatrícioSporting
29%

Score Distribution

Percentile by Number Answered

Percent of People with Each Score

Your Score History

You have not taken this quiz